000 00270nam a2200097Ia 4500
001 1229518
005 20250827093103.0
008 250824s9999 xx 000 0 und d
245 0 _aŞAPKA SEPET OLDU
_cAYSEL KORKUT
260 _bALTIN KİTAPLAR YAYINLARI
999 _c1229518
_d1229518